[Event "CHN-chT"]
[Site "Suzhou"]
[Date "2001.04.02"]
[Round "7"]
[White "Zhu, Chunhui"]
[Black "Sun, Qinan"]
[Result "1-0"]
[WhiteElo "2323"]
[BlackElo "2243"]
[PlyCount "107"]
[EventDate "2001.03.02"]
[EventType "team"]
[EventRounds "10"]
[EventCountry "CHN"]
[SourceTitle "EXT 2002"]
[Source "ChessBase"]
[SourceDate "2001.11.25"]
[SourceVersion "1"]
[SourceVersionDate "2001.11.25"]
[SourceQuality "1"]

1. e4 e5 2. Nf3 Nc6 3. Bb5 a6 4. Ba4 Nf6 5. 0-0 Be7 6. Re1 b5 7. Bb3 d6 8. c3 0-0 9. h3 Nb8 10. d4 Nbd7 11. Nbd2 Bb7 12. Bc2 Re8 13. Nf1 Bf8 14. Ng3 g6 15. a4 Bg7 16. Bg5 h6 17. Bd2 c5 18. d5 c4 19. Be3 Qc7 20. Qd2 Kh7 21. Ra3 Nc5 22. Rea1 Reb8 23. Qc1 Nfd7 24. axb5 axb5 25. Rxa8 Rxa8 26. Rxa8 Bxa8 27. Qa1 Bb7 28. Qa7 Qb6 29. Qxb6 Nxb6 30. Bxc5 dxc5 31. Nf1 f6 32. N3d2 Bf8 33. g3 Kg7 34. Kg2 Kf7 35. f4 exf4 36. gxf4 Bd6 37. Kf3 Bc8 38. h4 h5 39. Ne3 Ba6 40. e5 fxe5 41. Ne4 Be7 42. d6 Bxh4 43. Nxc5 Bc8 44. fxe5 Bg5 45. Be4 h4 46. Nd5 Na4 47. d7 Bxd7 48. Nxd7 Nxb2 49. Nc5 Na4 50. e6+ Ke8 51. Bxg6+ Kd8 52. Nb7+ Kc8 53. Nd6+ Kb8 54. Nxb5 1-0

[Event "Lee Cup 2nd"]
[Site "Beijing"]
[Date "1995.??.??"]
[Round "3"]
[White "Al Modiahki, Mohamad"]
[Black "Zhu, Chunhui"]
[Result "1-0"]
[WhiteElo "2445"]
[BlackElo "2350"]
[PlyCount "147"]
[EventDate "1995.08.??"]
[EventType "swiss"]
[EventRounds "11"]
[EventCountry "CHN"]
[SourceTitle "EXT 1997"]
[Source "ChessBase"]
[SourceDate "1996.11.15"]
[SourceVersion "1"]
[SourceVersionDate "1996.11.15"]
[SourceQuality "1"]

1. e4 e5 2. Nf3 Nc6 3. Bb5 a6 4. Ba4 Nf6 5. 0-0 b5 6. Bb3 Bb7 7. c3 Nxe4 8. d4 Na5 9. Nxe5 Nxb3 10. Qxb3 Nd6 11. Qd1 Be7 12. Qg4 g6 13. Re1 Nf5 14. Bg5 d6 15. Bxe7 Nxe7 16. Nd3 0-0 17. Nd2 Nd5 18. Nb3 Rb8 19. a4 Re8 20. Rxe8+ Qxe8 21. Re1 Qd8 22. axb5 axb5 23. Nd2 Bc6 24. h4 Qd7 25. Qg5 Re8 26. Ne4 Qd8 27. f3 Kg7 28. Qxd8 Rxd8 29. b3 Nb6 30. Nd2 Re8 31. Rxe8 Bxe8 32. Kf2 Bd7 33. Nb4 Be6 34. Na6 c6 35. Nb4 c5 36. dxc5 dxc5 37. Nd3 Bxb3 38. Nxc5 Bd5 39. Ke3 Na4 40. Kd4 Bc6 41. Nb1 Nb2 42. Na3 Kf6 43. Ne4+ Ke7 44. Kc5 Bd7 45. Kd4 f5 46. Nc5 Bc6 47. Nd3 Nxd3 48. Kxd3 Kd6 49. Kd4 f4 50. Nc2 h6 51. Nb4 g5 52. Nd3 Bd5 53. hxg5 hxg5 54. Nf2 Bc4 55. Ne4+ Kc6 56. Nd2 Be2 57. Ke5 g4 58. fxg4 Bxg4 59. Kxf4 Bd7 60. Ne4 Kb6 61. Ke5 Bg4 62. Nf6 Bd1 63. Kd6 Ka5 64. Kc5 Ka4 65. Nd5 Bg4 66. Ne3 Bd7 67. Nd5 Kb3 68. g3 Be6 69. Nc7 Bc4 70. Kd4 b4 71. cxb4 Kxb4 72. Nd5+ Kb5 73. g4 Be2 74. Nc3+ 1-0

[Event "Wch U20"]
[Site "Halle"]
[Date "1995.??.??"]
[Round "6"]
[White "Mifsud, Timothy"]
[Black "Zhu, Chunhui"]
[Result "1/2-1/2"]
[WhiteElo "2165"]
[BlackElo "2350"]
[PlyCount "71"]
[EventDate "1995.09.??"]
[EventType "swiss"]
[EventRounds "13"]
[EventCountry "GER"]
[SourceTitle "CBM 048 Extra"]
[Source "ChessBase"]
[SourceDate "1995.11.01"]
[SourceVersion "1"]
[SourceVersionDate "1995.11.01"]
[SourceQuality "1"]

1. e4 c5 2. Nf3 Nc6 3. d4 cxd4 4. Nxd4 Nf6 5. Nc3 d6 6. Bc4 Qb6 7. Nb3 e6 8. Bf4 Ne5 9. Be2 a6 10. Be3 Qc7 11. f4 Nc4 12. Bxc4 Qxc4 13. Qf3 Be7 14. 0-0-0 Qc7 15. g4 b5 16. g5 Nd7 17. a3 0-0 18. Qh5 Rd8 19. Rhg1 Bb7 20. Rg3 g6 21. Qh6 Bf8 22. Qh4 Bg7 23. Rh3 Nf8 24. f5 exf5 25. exf5 gxf5 26. Nd4 Qc4 27. Nxf5 Qxh4 28. Ne7+ Kh8 29. Rxh4 Ng6 30. Nxg6+ fxg6 31. Nd5 Bxd5 32. Rxd5 Rac8 33. Bb6 Rd7 34. Bd4 Kg8 35. Bxg7 Kxg7 36. Rf4 1/2-1/2

[Event "Wch U20"]
[Site "Halle"]
[Date "1995.??.??"]
[Round "8"]
[White "Nalbandian, Tigran"]
[Black "Zhu, Chunhui"]
[Result "1-0"]
[WhiteElo "2460"]
[BlackElo "2350"]
[PlyCount "89"]
[EventDate "1995.09.??"]
[EventType "swiss"]
[EventRounds "13"]
[EventCountry "GER"]
[SourceTitle "CBM 048 Extra"]
[Source "ChessBase"]
[SourceDate "1995.11.01"]
[SourceVersion "1"]
[SourceVersionDate "1995.11.01"]
[SourceQuality "1"]

1. d4 Nf6 2. c4 g6 3. g3 Bg7 4. Bg2 0-0 5. Nc3 d6 6. Nf3 c5 7. 0-0 Nc6 8. dxc5 dxc5 9. Be3 Be6 10. Qa4 Qa5 11. Qb5 Qb4 12. Nd2 Nd7 13. a3 Qxb5 14. cxb5 Na5 15. Rab1 Bxc3 16. bxc3 Rad8 17. Ne4 b6 18. Bf4 Nf6 19. Nxf6+ exf6 20. h4 Bc4 21. Rfe1 Rfe8 22. Bf3 h5 23. Kg2 f5 24. Rb2 Kg7 25. Kf1 Re6 26. Reb1 Ree8 27. Kg1 Re6 28. Kf1 Ree8 29. Rd2 Rxd2 30. Bxd2 Rd8 31. Bf4 Ba2 32. Rb2 Rd1+ 33. Kg2 Bd5 34. Bb8 Nc4 35. Ra2 Ne3+ 36. fxe3 Bxa2 37. Bxa7 Bc4 38. Bc6 Ra1 39. Bxb6 Rxa3 40. Bxc5 Ra2 41. b6 Bxe2 42. Kg1 Ra1+ 43. Kf2 Ra2 44. b7 Bb5+ 45. Ke1 1-0

[Event "Lee Cup 2nd"]
[Site "Beijing"]
[Date "1995.??.??"]
[Round "1"]
[White "Ye, Rongguang"]
[Black "Zhu, Chunhui"]
[Result "1-0"]
[WhiteElo "2505"]
[BlackElo "2350"]
[PlyCount "139"]
[EventDate "1995.08.??"]
[EventType "swiss"]
[EventRounds "11"]
[EventCountry "CHN"]
[SourceTitle "EXT 1997"]
[Source "ChessBase"]
[SourceDate "1996.11.15"]
[SourceVersion "1"]
[SourceVersionDate "1996.11.15"]
[SourceQuality "1"]

1. d4 Nf6 2. Nf3 g6 3. Bg5 Bg7 4. Nbd2 0-0 5. c3 d6 6. e4 h6 7. Bh4 Nbd7 8. Bc4 e5 9. 0-0 g5 10. Bg3 Nh5 11. Nxe5 dxe5 12. Qxh5 exd4 13. cxd4 Nf6 14. Qe2 Qxd4 15. Bxc7 Bg4 16. Qe3 Qxe3 17. fxe3 Be6 18. Bxe6 fxe6 19. h3 Rac8 20. Bd6 Rfd8 21. e5 Nd5 22. Rf3 Rc2 23. Nb3 Rxb2 24. Nd4 Re8 25. a3 Nb6 26. Rc1 Nd5 27. Rc5 Rd2 28. Nb5 b6 29. Rc6 Rb2 30. Nc7 Nxc7 31. Rxc7 Rb5 32. Rff7 Bxe5 33. Bxe5 Rxe5 34. Rg7+ Kh8 35. Rh7+ Kg8 36. Rcg7+ Kf8 37. Rxa7 Kg8 38. Kf2 Rc8 39. Rhg7+ Kh8 40. Rge7 b5 41. Kf3 h5 42. e4 Rec5 43. Rh7+ Kg8 44. Rxh5 Rf8+ 45. Kg3 Rf7 46. Ra8+ Kg7 47. Ra5 Rf1 48. Ra7+ Kg6 49. Rah7 Kf6 50. R7h6+ Kf7 51. Kh2 Rf4 52. Rh7+ Kf6 53. R5h6+ Ke5 54. Rg7 Kxe4 55. Rxe6+ Kd4 56. Rd7+ Kc4 57. Rde7 Kb3 58. Re3+ Kb2 59. Rg3 Rf2 60. Re4 Rd2 61. Rb4+ Ka2 62. Rbg4 Rdd5 63. Re4 Rd2 64. Rb4 Rf5 65. a4 bxa4 66. Rxa4+ Kb2 67. Rc4 Re5 68. Rc8 Rd4 69. Rcc3 Rf5 70. Rcf3 1-0

[Event "Lee Cup 2nd"]
[Site "Beijing"]
[Date "1995.??.??"]
[Round "10"]
[White "Zhu, Chunhui"]
[Black "Wang, Yaoyao"]
[Result "0-1"]
[WhiteElo "2350"]
[BlackElo "2445"]
[PlyCount "78"]
[EventDate "1995.08.??"]
[EventType "swiss"]
[EventRounds "11"]
[EventCountry "CHN"]
[SourceTitle "EXT 1997"]
[Source "ChessBase"]
[SourceDate "1996.11.15"]
[SourceVersion "1"]
[SourceVersionDate "1996.11.15"]
[SourceQuality "1"]

1. e4 c5 2. Nc3 Nc6 3. g3 g6 4. Bg2 Bg7 5. d3 e6 6. Be3 d6 7. Nge2 Nd4 8. 0-0 Ne7 9. Qd2 0-0 10. Rae1 Rb8 11. Nd1 b5 12. c3 Nxe2+ 13. Rxe2 b4 14. Bh6 Bxh6 15. Qxh6 e5 16. f4 Bg4 17. Ref2 Bxd1 18. f5 f6 19. Rxd1 g5 20. h4 gxh4 21. Bf3 hxg3 22. Rg2 Kh8 23. Rxg3 Rf7 24. Kf2 Qf8 25. Qh5 Rg7 26. Rxg7 Qxg7 27. Rg1 Qf8 28. Bd1 d5 29. Bb3 c4 30. dxc4 dxe4 31. Rh1 Qg7 32. Rg1 e3+ 33. Kf1 e2+ 34. Qxe2 Qh6 35. Qd3 Qf4+ 36. Ke1 Nxf5 37. Rf1 Qh4+ 38. Kd1 e4 39. Qd2 Qg4+ 0-1